First Four Countries Alphabetically - Statistics

General Stats
  • This quiz has been taken 36 times
  • The average score is 63 of 83
Answer Stats
Hint Answer % Correct
A1 Afghanistan
100%
A2 Albania
96%
A3 Algeria
92%
A4 Andorra
92%
Q1 Qatar
88%
B1 Bahamas
84%
B2 Bahrain
84%
C3 Canada
84%
P2 Palau
84%
P3 Panama
84%
Y1 Yemen
84%
Z1 Zambia
84%
Z2 Zimbabwe
84%
C2 Cameroon
80%
D2 Denmark
80%
E1 Ecuador
80%
H2 Honduras
80%
J1 Jamaica
80%
J2 Japan
80%
J3 Jordan
80%
K1 Kazakhstan
80%
K2 Kenya
80%
O1 Oman
80%
P1 Pakistan
80%
R4 Rwanda
80%
B3 Bangladesh
76%
B4 Barbados
76%
C1 Cambodia
76%
D3 Djibouti
76%
E2 Egypt
76%
E3 El Salvador
76%
F1 Federated States of Micronesia
76%
F2 Fiji
76%
F4 France
76%
G1 Gabon
76%
G2 Gambia
76%
H1 Haiti
76%
H3 Hungary
76%
I1 Iceland
76%
I2 India
76%
I3 Indonesia
76%
K3 Kiribati
76%
L1 Laos
76%
L2 Latvia
76%
U1 Uganda
76%
U3 United Arab Emirates
76%
U4 United Kingdom
76%
V1 Vanuatu
76%
V2 Vatican City
76%
V3 Venezuela
76%
C4 Cape Verde
72%
D4 Dominica
72%
E4 Equatorial Guinea
72%
F3 Finland
72%
I4 Iran
72%
K4 Kosovo
72%
N1 Namibia
72%
N4 Netherlands
72%
P4 Papua New Guinea
72%
R2 Romania
72%
R3 Russia
72%
T1 Taiwan
72%
T2 Tajikistan
72%
T3 Tanzania
72%
U2 Ukraine
72%
V4 Vietnam
72%
D1 Democratic Republic of the Congo
68%
G3 Georgia
68%
L4 Lesotho
68%
N2 Nauru
68%
R1 Republic of the Congo
68%
S1 Saint Kitts and Nevis
68%
S2 Saint Lucia
68%
S3 Saint Vincent and the Grenadines
68%
T4 Thailand
68%
G4 Germany
64%
M1 Madagascar
64%
M3 Malaysia
64%
M4 Maldives
64%
N3 Nepal
64%
L3 Lebanon
60%
M2 Malawi
60%
S4 Samoa
60%
No matching quizzes found
Score Distribution
Percent of People with Each Score
Percentile by Number Answered
Your Score History
You have not taken this quiz